|
|
|
|
| LEADER |
01664nam a2200385 i 4500 |
| 001 |
EBC6175764 |
| 003 |
MiAaPQ |
| 005 |
20200802163327.0 |
| 006 |
m o d | |
| 007 |
cr cnu|||||||| |
| 008 |
200802s2020 at o 000 0 eng d |
| 020 |
|
|
|z 9781760876784
|
| 020 |
|
|
|a 9781760874216 (e-book)
|
| 035 |
|
|
|a (MiAaPQ)EBC6175764
|
| 035 |
|
|
|a (Au-PeEL)EBL6175764
|
| 035 |
|
|
|a (OCoLC)1151192568
|
| 040 |
|
|
|a MiAaPQ
|b eng
|e rda
|e pn
|c MiAaPQ
|d MiAaPQ
|
| 050 |
|
4 |
|a HF5657
|b .G544 2020
|
| 082 |
0 |
|
|a 657
|2 23
|
| 100 |
1 |
|
|a Gleeson-White, Jane,
|e author.
|
| 245 |
1 |
0 |
|a Six capitals :
|b capitalism, climate change and the accounting revolution that can save the planet /
|c Jane Gleeson-White.
|
| 250 |
|
|
|a Fully revised and updated edition.
|
| 264 |
|
1 |
|a Sydney :
|b Allen & Unwin,
|c [2020]
|
| 264 |
|
4 |
|c 2020
|
| 300 |
|
|
|a 1 online resource (xxxvi, 248 pages)
|
| 336 |
|
|
|a text
|b txt
|2 rdacontent
|
| 337 |
|
|
|a computer
|b c
|2 rdamedia
|
| 338 |
|
|
|a online resource
|b cr
|2 rdacarrier
|
| 588 |
|
|
|a Description based on print version record.
|
| 590 |
|
|
|a Electronic reproduction. Ann Arbor, MI : ProQuest, 2018. Available via World Wide Web. Access may be limited to ProQuest affiliated libraries.
|
| 650 |
|
0 |
|a Accounting
|x Social aspects.
|
| 655 |
|
4 |
|a Electronic books.
|
| 776 |
0 |
8 |
|i Print version:
|a Gleeson-White, Jane.
|t Six capitals : capitalism, climate change and the accounting revolution that can save the planet.
|b Fully revised and updated edition.
|d Sydney : Allen & Unwin, c2020
|h xxxvi, 248 pages
|z 9781760876784
|
| 797 |
2 |
|
|a ProQuest (Firm)
|
| 856 |
4 |
0 |
|u https://ebookcentral.proquest.com/lib/matrademy/detail.action?docID=6175764
|z Click to View
|